00482nam a2200181Ia 4500003000400000005001700004008004100021020001800062040000700080041000800087082001600095100002300111245007200134260004300206300001500249365001300264650002300277OSt20230623140238.0210423s2005 xx 000 0 und d a81-85931-54-2 cAL aeng a511.33 MUKT aMUKHERJEE (Goutam) aTransformation groups: symplectic torus actions and toric manifolds aNew DelhibHindustan Book Agencyc2005 aix,130bHB b200cINR aMathematical Logic